000 01620nam a2200409 i 4500
001 ELB272384
003 FINmELB
005 20250326042907.0
006 m o u
007 cr cn|||||||||
008 240922s2024 sp ob 000 0 spa d
020 _z9788419024633
020 _a9788419024640
_q(e-book)
035 _a(OCoLC)1456878755
040 _aFINmELB
_bspa
_erda
_cFINmELB
050 1 4 _aGV57
_bO167 2024
080 _a316.7(8=134)
082 0 4 _a306.4812098
_223
245 0 0 _aOcio e industrias culturales en el espacio iberoamericano, 1820-1945 /
_cJorge Uría, Cleber Dias (eds.).
264 1 _aSantander :
_bEditorial de la Universidad de Cantabria,
_c2024.
300 _a1 recurso en línea (380 páginas)
336 _atexto
_btxt
_2rdamedia/spa
337 _acomputadora
_bc
_2rdamedia/spa
338 _arecurso en línea
_bcr
_2rdacarrier/spa
504 _aContiene bibliografía.
588 _aDescripción basada en metadatos suministrados por el editor y otras fuentes.
590 _aRecurso electrónico. Santa Fe, Arg.: elibro, 2024. Disponible vía World Wide Web. El acceso puede estar limitado para las bibliotecas afiliadas a elibro.
650 4 _aOcio
_xAspectos sociales
_zAmérica Latina
_xHistoria.
650 4 _aOcio
_xAspectos sociales
_zEspaña
_xHistoria.
650 4 _aOcio
_xAspectos sociales
_zPortugal
_xHistoria.
650 4 _aIndustrias culturales
_xHistoria.
655 4 _aLibros electrónicos.
700 1 _aDias, Cleber,
_eautor.
700 1 _aElstey, Brenda,
_eautor.
797 2 _aelibro, Corp.
856 4 0 _uhttps://elibro.net/ereader/usam/272384
999 _c136896
_d136896